Statistics for Five Most Populated Capital Cities by Continent

Click here to take the quiz!

General Stats

  • This quiz has been taken 4,093 times
    (4,091 since last reset)
  • The average score is 19 of 30

Answer Stats

Capital City% Correct
London
94%
Moscow
90%
Beijing
88%
Cairo
85%
Tokyo
85%
Berlin
84%
Canberra
81%
Mexico City
81%
Madrid
80%
Rome
80%
Wellington
77%
Brasilia
74%
Buenos Aires
74%
Lima
68%
Bogotá
67%
Jakarta
64%
Havana
61%
Santiago
61%
Seoul
57%
Kinshasa
56%
Guatemala City
49%
Addis Ababa
46%
Port Moresby
45%
Tehran
42%
Suva
39%
Santo Domingo
35%
Pretoria
32%
Luanda
30%
Managua
26%
Honiara
21%

Score Distribution

Percentile by Number Answered

Percent of People with Each Score

Your Score History

You have not taken this quiz since the last reset